Pt and Pt/Re catalysts in hydrocarbon reactions : the influence of the sate of Pt and Re /
Guardado en:
| Otros Autores: | |
|---|---|
| Formato: | Manuscrito |
| Idioma: | English |
| Publicado: |
1987.
|
| Materias: | |
| Etiquetas: |
Agregar Etiqueta
Sin Etiquetas, Sea el primero en etiquetar este registro!
|
| LEADER | 00840ntm a22002295a 4500 | ||
|---|---|---|---|
| 001 | EIQ.libpla002691 | ||
| 008 | 070723s1987####ne#a#####bm###000#0#eng#d | ||
| 005 | 20070723154315.0 | ||
| 245 | 1 | 0 | |a Pt and Pt/Re catalysts in hydrocarbon reactions : |b the influence of the sate of Pt and Re / |c door M.J.P. Botman. |
| 260 | |c 1987. | ||
| 300 | |a 174 p. : |b il. ; |c 24 cm. | ||
| 502 | |a Tesis (doctorado)--Rijksuniversiteit te Leiden, 1987. | ||
| 500 | |a Director de tesis:Dr. V. Ponec. | ||
| 504 | |a Incluye referencias bibliográficas. | ||
| 100 | 1 | |a Botman, M.J.P. |4 dis | |
| 710 | 2 | |a Rijksuniversiteit te Leiden |4 dgg. | |
| 650 | 4 | |a Catálisis |x Tesis. | |
| 650 | 4 | |a Catálisis |x Hidrocarburos. | |
| 650 | 4 | |a Catalysis |x Thesis. | |
| 650 | 4 | |a Catalysis |x Hydrocarbons. | |
| 040 | |a AR-BbSID |b spa |c AR-BbSID | ||
| 859 | |a AR-BbSID |b BIB. PLAPIQUI |h 541.395 |i B 63 |p 3521 | ||
